Statistics for Taylor Swift 41

Click here to take the quiz!

General Stats

  • This quiz has been taken 10 times
    (7 since last reset)
  • The average score is 343 of 404

Answer Stats

Answer% Correct
a
100%
all
100%
and
100%
as
100%
be
100%
can
100%
ever
100%
got
100%
I
100%
if
100%
I'll
100%
I'm
100%
is
100%
like
100%
me
100%
mean
100%
my
100%
to
100%
with
100%
words
100%
you
100%
your
100%
alone
83%
are
83%
big
83%
but
83%
can't
83%
'cause
83%
city
83%
don't
83%
down
83%
from
83%
gonna
83%
have
83%
hit
83%
in
83%
just
83%
knives
83%
know
83%
liar
83%
life
83%
living
83%
nothing
83%
now
83%
off
83%
ol'
83%
on
83%
one
83%
out
83%
see
83%
so
83%
someday
83%
that
83%
the
83%
them
83%
what
83%
when
83%
you're
83%
about
67%
again
67%
against
67%
already
67%
blow
67%
calling
67%
chalkboard
67%
enough
67%
feel
67%
feeling
67%
flaws
67%
gotta
67%
head
67%
how
67%
humiliation
67%
lies
67%
man
67%
nails
67%
okay
67%
old
67%
over
67%
pathetic
67%
picking
67%
pointed
67%
sing
67%
single
67%
things
67%
up
67%
use
67%
walk
67%
wanna
67%
weaker
67%
weapons
67%
why
67%
wildfire
67%
wounded
67%
yeah
67%
bar
50%
bet
50%
drunk
50%
feet
50%
football
50%
game
50%
knocked
50%
listening
50%
loud
50%
never
50%
nobody's
50%
opinion
50%
same
50%
swords
50%
take
50%
talking
50%
trying
50%
voice
50%
well
50%
years
50%
around
33%
bitter
33%
block
33%
cold
33%
cycle
33%
ends
33%
grumbling
33%
impress
33%
lead
33%
made
33%
pushed
33%
ranting
33%
right
33%
road
33%
sides
33%
somebody
33%
switching
33%
washed
33%

Score Distribution

Percentile by Number Answered

Percent of People with Each Score

Your Score History

You have not taken this quiz since the last reset